Nghiên cứu lý luận /
Đã lưu trong:
| Nhiều tác giả của công ty: | , |
|---|---|
| Formáid: | Iriseán |
| Teanga: | Vietnamese |
| Foilsithe: |
Hà Nội.:
Học Viện Chính trị Quốc gia Hồ Chí Minh;
|
| Ábhair: | |
| Clibeanna: |
Cuir Clib Leis
Gan Chlibeanna, Bí ar an gcéad duine leis an taifead seo a chlibeáil!
|
| Thư viện lưu trữ: | Thư viện Trường Đại học Đà Lạt |
|---|
| LEADER | 00868nam a2200289 4500 | ||
|---|---|---|---|
| 001 | DLU070060807 | ||
| 040 | # | # | |a DLU |b vie |
| 041 | # | # | |a vie |
| 110 | # | # | |a Học Viện Chính trị Quốc gia Hồ Chí Minh |
| 245 | # | # | |a Nghiên cứu lý luận / |c Học Viện Chính trị Quốc gia Hồ Chí Minh |
| 260 | # | # | |a Hà Nội.: |b Học Viện Chính trị Quốc gia Hồ Chí Minh; |
| 300 | # | # | |a tr.; |c 25cm |
| 310 | # | # | |a Hàng tháng |
| 653 | # | # | |a Chính trị |
| 653 | # | # | |a Lịch sử |
| 653 | # | # | |a Tư tưởng Hồ Chí Minh |
| 653 | # | # | |a Văn hoá |
| 653 | # | # | |a Xã hội |
| 710 | # | # | |a Học viện chính trị Quốc gia Hồ Chí Minh |b Cơ quan lý luận chính trị |
| 994 | # | # | |a DLU |
| 900 | # | # | |a True |
| 911 | # | # | |a Nguyễn Thị Minh Cầm |
| 925 | # | # | |a G |
| 926 | # | # | |a A |
| 927 | # | # | |a TT |
| 980 | # | # | |a Thư viện Trường Đại học Đà Lạt |